| 000 | 00882nam a2200313Ia 4500 | ||
|---|---|---|---|
| 001 | 10035 | ||
| 005 | 20240113235201.0 | ||
| 007 | ta | ||
| 008 | 050730s1972 a g b000 u eng u | ||
| 020 | _cHB | ||
| 040 | _aCotton College Asaam | ||
| 041 | _aeng | ||
| 082 |
_a370.15 _bP 293 Ed |
||
| 100 | _aPayne , D.A. . | ||
| 245 | 0 |
_aEducational and Psychological Measurement / _cD.A. Payne & R.F. McMorris. _hTextual Documents |
|
| 250 | _a1st ed. / | ||
| 260 |
_aNew Delhi : _bOxford & IBH Publishing Co.Pvt. Ltd. , _c1972. |
||
| 300 |
_a419p. : _bill. ; _c22cm . |
||
| 504 | _aIndex | ||
| 653 | _aEducation-Psychology | ||
| 653 | _aEducational Psychology | ||
| 653 | _aEducational Tests and Measurement | ||
| 653 | _aMS-Education | ||
| 653 | _aT/G-Education | ||
| 700 | _aMcMorris, R.F. . | ||
| 942 |
_2ddc _cBK |
||
| 999 |
_c10022 _d10022 |
||